|
|
|
|
| LEADER |
00000nab a2200000 a 4500 |
| 001 |
vtls000534788 |
| 003 |
SK-MaSNL |
| 005 |
20260303102029.0 |
| 008 |
230120c1994 xo 0 slo |
| 015 |
|
|
|a SNBRB19rr/mm-uuuuu
|
| 035 |
|
|
|a CL0534926
|
| 040 |
|
|
|a SNKBUCL
|b slo
|c SNKBUCL
|e AACR2
|
| 041 |
0 |
|
|a slo
|
| 044 |
|
|
|a xo
|c SK
|
| 080 |
|
|
|a 800.85(048):808.50
|2 1981
|
| 080 |
|
|
|a 808.50-085(048)
|2 1981
|
| 100 |
1 |
|
|a Bosák, Ján,
|d 1939-2018
|4 aut
|9 103406
|
| 245 |
1 |
0 |
|a Dve aktuálne práce o variantnosti v češtine
|c Ján Bosák
|
| 650 |
0 |
7 |
|a čeština
|2 snkbucl
|9 1319
|
| 655 |
|
7 |
|a články z novín a časopisov
|2 snkbucl
|9 267496
|
| 773 |
0 |
|
|t Jazykovedný časopis
|g Roč. 45, č. 2 (1994), s. 150-152
|x 0021-5597
|
| 787 |
0 |
8 |
|i Rec.:
|a Sgall, Petr
|t Variation in Czech
|d Amsterdam ; Philadelphia : John Benjamins Publishing Company, 1992
|
| 850 |
|
|
|a Slovenská národná knižnica v Martine
|a MTA001
|
| 852 |
|
|
|a SNK
|b KIS3GCP
|
| 954 |
|
|
|a odborná, vedecká literatúra pôvodná (slovenská)
|2 lita
|
| 958 |
|
|
|a OND
|
| 958 |
|
|
|a RK
|
| 958 |
|
|
|a CZ
|
| 958 |
|
|
|a EUIPO
|
| 992 |
|
|
|a RBX
|
| 999 |
|
|
|c 1840749
|d 1842679
|